书目信息 |
| 题名: |
农田生态过程与模型
|
|
| 作者: | 于强 编 | |
| 分册: | ||
| 出版信息: | 北京 科学出版社 2007.10 |
|
| 页数: | ||
| 开本: | 16开 | |
| 丛书名: | ||
| 单 册: | ||
| 中图分类: | S181 | |
| 科图分类: | ||
| 主题词: | 农业科学:生物学 | |
| 电子资源: | ||
| ISBN: | 978-7-03-015598-6 | |
| 000 | 00530nam0 2200181 450 | |
| 001 | 0736196517 | |
| 005 | 20070924100316.51 | |
| 010 | @a978-7-03-015598-6@d¥65.00 | |
| 100 | @a20070924d km y0chiy0120 ea | |
| 101 | 0 | @achi |
| 200 | 1 | @a农田生态过程与模型@Anong tian sheng tai guo cheng yu mo xing@f于强 等编@Fyu qiang deng bian |
| 210 | @a北京@c科学出版社@d2007.10 | |
| 215 | @d16开 | |
| 606 | 0 | @a农业科学:生物学 |
| 690 | @aS181@v3 | |
| 701 | 0 | @a于强@Ayu qiang@4编 |
| 801 | 0 | @aCN@bPFT@c20070924 |
| 905 | @a213230@dS181@eZY16@f1 | |
| 农田生态过程与模型/于强 等编.-北京:科学出版社,2007.10 |
| 16开 |
| ISBN 978-7-03-015598-6:¥65.00 |
| ● |
| 相关链接 |
|
|
|
|
正题名:农田生态过程与模型
索取号:S181/ZY16
 
预约/预借
| 序号 | 登录号 | 条形码 | 馆藏地/架位号 | 状态 | 备注 |
| 1 | 7902518 | 279025181 | 密集书库-资源管理系/ [索取号:S181/ZY16] | 在馆 |